Die zwölf Monde (Record no. 4504)

MARC details
000 -LEADER
fixed length control field 00672cam a22002171 4500
001 - CONTROL NUMBER
control field af 48001390
003 - CONTROL NUMBER IDENTIFIER
control field DLC
005 - DATE AND TIME OF LATEST TRANSACTION
control field 20260227110849.0
008 - FIXED-LENGTH DATA ELEMENTS--GENERAL INFORMATION
fixed length control field 890522q19401949gw a 000 0 ger c
010 ## - LIBRARY OF CONGRESS CONTROL NUMBER
LC control number af 48001390
035 ## - SYSTEM CONTROL NUMBER
System control number (OCoLC)19748704
040 ## - CATALOGING SOURCE
Original cataloging agency California. Univ. Libr.
Transcribing agency CU
Modifying agency DLC
041 1# - LANGUAGE CODE
Language code of text/sound track or separate title ger
Language code of original dut
042 ## - AUTHENTICATION CODE
Authentication code premarc
050 00 - LIBRARY OF CONGRESS CALL NUMBER
Classification number PT6434.L6
Item number M254
100 1# - MAIN ENTRY--PERSONAL NAME
Personal name Streuvels, Stijn,
Dates associated with a name 1871-1969.
245 14 - TITLE STATEMENT
Title Die zwölf Monde
Statement of responsibility, etc. [von] Stijn Streuvels [pseud.] [Übertragung aus dem Flämischen von Werner Ackermann]
260 ## - PUBLICATION, DISTRIBUTION, ETC.
Place of publication, distribution, etc. Stuttgart,
Name of publisher, distributor, etc. Engelhornverlag
Date of publication, distribution, etc. [194-]
300 ## - PHYSICAL DESCRIPTION
Extent 146 p.
Other physical details illus.
Dimensions 20 cm.
700 1# - ADDED ENTRY--PERSONAL NAME
Personal name Ackermann, Werner,
Dates associated with a name 1892-
Relator term tr.

No items available.

Powered by Koha